BIBLIOTECA

SENCICO

Hormigón Armado : vigas (Registro nro. 1036)

Detalles MARC
000 -LEADER
fixed length control field 00549nam a2200241Ia 4500
005 - DATE AND TIME OF LATEST TRANSACTION
control field 20251020182457.0
008 - FIXED-LENGTH DATA ELEMENTS--GENERAL INFORMATION
fixed length control field 200515s9999 xx 000 0 und d
020 ## - INTERNATIONAL STANDARD BOOK NUMBER
International Standard Book Number 987-584-017-3
082 ## - DEWEY DECIMAL CLASSIFICATION NUMBER
Classification number 624.072.6/B39
100 ## - MAIN ENTRY--PERSONAL NAME
Personal name Bernal , Jorge Raúl
245 #0 - TITLE STATEMENT
Title Hormigón Armado : vigas
250 ## - EDITION STATEMENT
Edition statement 1a ed.
260 ## - PUBLICATION, DISTRIBUTION, ETC.
Place of publication, distribution, etc. Buenos Aires
260 ## - PUBLICATION, DISTRIBUTION, ETC.
Name of publisher, distributor, etc. Nobuko
260 ## - PUBLICATION, DISTRIBUTION, ETC.
Date of publication, distribution, etc. 2005
300 ## - PHYSICAL DESCRIPTION
Extent 370 p.
300 ## - PHYSICAL DESCRIPTION
Other physical details il., tbl., graf.
500 ## - GENERAL NOTE
General note 1 ejemplar
650 ## - SUBJECT ADDED ENTRY--TOPICAL TERM
Topical term or geographic name entry element CONCRETO ARMADO
650 ## - SUBJECT ADDED ENTRY--TOPICAL TERM
Topical term or geographic name entry element VIGAS
942 ## - ADDED ENTRY ELEMENTS (KOHA)
Koha item type Libros
Existencias
Fecha de la última vez que lo usaron Pago total Signatura topográfica completa Código de barras Precio efectivo desde Tipo de documento Estado perdido Estado dañado No es para préstamo Retirado Ubicación permanente Ubicación actual Fecha de adquisición
15/05/2020   624.072.6/B39 Bib-Lima15051036 15/05/2020 Libros         Biblioteca Central Lima Biblioteca Central Lima 15/05/2020